LEADER 01166nam a2200229 i 4500 001 000000202783 003 CaOOAMICUS 005 20110606000000.0 008 110606n it u000 u ita u 013 $a181494 040 $aSeMil$bita 110 2 $aFondazione Don Primo Mazzolari .$0(OLS)http://semarc/name/3526 245 10$a1990 Centenario della nascita di don Primo Mazzolari /$cFondazione Don Primo Mazzolari, Centro di Documentazione e Ricerca. 260 $a[S.l. :$bs.n.],$c[1989]$e(Bozzolo (MN) :$fArti grafiche Chiribella,$g[1989]) 300 $a1 v. :$bill. ;$c21 cm. 500 $aSenza paginazione. - In calce al front. : "Speciale" notiziario mazzolariano n. 4 ; Periodico della «Fondazione D. P. Mazzolari». 650 4$aMazzolari, Primo - Celebrativi.$0(OLS)http://semarc/subject/38147 850 $aSeMil 852 $aSeMil$W1$xVenegono$y1$m5D VIII 24/16$j153282$B153282$CSeMilBibl$Z2$F164268 $81 961 $aOmaggio: Altro 996 $6245$a1990 Centenario della nascita di don Primo Mazzolari$9(OLS)http://semarc/title/293526 996 $6260$a[S.l. :$bs.n.]$9(OLS)http://semarc/publisher/29751 LEADER 01565nam a2200301 i 4500 001 000000085179 003 CaOOAMICUS 005 20180309000000.0 008 180309s1963 it u000 u ita u 013 $a57419 040 $aSeMil$bita 100 1 $aThérèse : de l'Enfant-Jésus,$c.$0(OLS)http://semarc/name/98600 240 10$aConseils et souvenirs.$0(OLS)http://semarc/title/405721 245 10$aConsigli e ricordi raccolti da Sr. Genoveffa del Volto Santo sorella e novizia di S. Teresa di Gesù Bambino /$cS. Teresa di Gesù Bambino. 250 $a4. Edizione. 260 $a[S.l.] :$bPostulazione Generale dei Carmelitani Scalzi,$c1963. 260 $aMilano :$bÀncora,$c1963. 300 $a231 p. ;$c19 cm. 490 0 $aCollana di spiritualità carmelitana. Serie minore ;$v2 600 04$aTeresa : del Bambino Gesù .$0(OLS)http://semarc/subject/1572 650 4$aBiografie.$0(OLS)http://semarc/subject/2953 830 0$aCollana di spiritualità carmelitana. Serie minore ;$v2.$0(OLS)http://semarc/title/21596 850 $aSeMil 852 $aSeMil$W1$xVenegono$y1$m3H VI 337$j49264$B49264$CSeMilBibl$Z2$F52778 $81 961 $aRecupero: Seminario di Seveso 996 $6245$aConsigli e ricordi raccolti da Sr. Genoveffa del Volto Santo sorella e novizia di S. Teresa di Gesù Bambino$9(OLS)http://semarc/title/405720 996 $6260$aMilano :$bÀncora$9(OLS)http://semarc/publisher/29763 996 $6260$a[S.l.] :$bPostulazione Generale dei Carmelitani Scalzi$9(OLS)http://semarc/publisher/34655